Library Logo

Pioneer International University Library Catalogue

Arusi ya buldoza na hadithi nyingine (Record no. 9250)

MARC details
000 -LEADER
fixed length control field 00453cam a22001577a 4500
005 - DATE AND TIME OF LATEST TRANSACTION
control field 20250901165803.0
008 - FIXED-LENGTH DATA ELEMENTS--GENERAL INFORMATION
fixed length control field 070628s2005 ke 000 0 swa
010 ## - LIBRARY OF CONGRESS CONTROL NUMBER
LC control number 2007380797
020 ## - INTERNATIONAL STANDARD BOOK NUMBER
International Standard Book Number 9966497722
050 00 - LIBRARY OF CONGRESS CALL NUMBER
Classification number MLCS 2025/0001 (P)
100 1# - MAIN ENTRY--PERSONAL NAME
Personal name Mohamed, Said Ahmed,
Dates associated with a name 1947-
245 10 - TITLE STATEMENT
Title Arusi ya buldoza na hadithi nyingine
Statement of responsibility, etc. Said A. Mohamed.
260 ## - PUBLICATION, DISTRIBUTION, ETC.
Place of publication, distribution, etc. Nairobi :
Name of publisher, distributor, etc. Longhorn Publishers,
Date of publication, distribution, etc. c2005.
300 ## - PHYSICAL DESCRIPTION
Extent x, 187 p. ;
Dimensions 18 cm.
942 ## - ADDED ENTRY ELEMENTS (KOHA)
Source of classification or shelving scheme Library of Congress Classification
Holdings
Withdrawn status Lost status Source of classification or shelving scheme Damaged status Not for loan Home library Current library Shelving location Date acquired Total checkouts Full call number Barcode Date last seen Price effective from Koha item type
    Library of Congress Classification     Main Library Main Library   03/12/2025   PL 8704 .M64 2005 PIUD0000528 03/12/2025 03/12/2025 Books
    Library of Congress Classification     Main Library Main Library   03/12/2025   MLCS 2025/0001 (P) PIUD0000329 03/12/2025 03/12/2025 Books